| 000 | 00417nam a22001697a 4500 | ||
|---|---|---|---|
| 005 | 20251108175139.0 | ||
| 008 | 250721s1964 xx 000 0 eng d | ||
| 082 | 1 | 4 | _a612/ANT |
| 100 | 1 | _aanthony, catherine parker | |
| 245 | 1 | 0 | _aStructure And Function Of the Body / |
| 250 | _a2.ED. | ||
| 264 |
_bmosby company, _c1964. |
||
| 300 | _a158 P. | ||
| 650 | 1 | 7 | _aPHYSIOLOGY |
| 942 |
_2ddc _cBK |
||
| 999 |
_c127268 _d127268 |
||